| 000 | 00696cam a22002411 4500 | ||
|---|---|---|---|
| 001 | sa 68006734 | ||
| 003 | DLC | ||
| 005 | 20260227112518.0 | ||
| 008 | 711108s1966 pk 000 0 eng | ||
| 010 | _asa 68006734 //r942 | ||
| 025 | _aPL480:P-E-1188 | ||
| 040 |
_aDLC _cDLC _dDLC |
||
| 050 | 0 | 0 |
_aPR9797.P6 _bW5 |
| 082 | 0 | 0 | _a820/.99914 |
| 245 | 0 | 0 |
_aWinds of passion; _bselections from the contemporary writings of the Philippines. |
| 250 | _a[1st ed. | ||
| 260 | 0 |
_aLahore, _c1966] |
|
| 300 |
_a217 p. _c18 cm. |
||
| 350 |
_aRs6.00 _aRs3.00 (to members) |
||
| 650 | 0 | _aPhilippine literature (English) | |
| 651 | 0 |
_aPhilippines _xLiterary collections. |
|
| 710 | 2 | 0 | _aAfro-Asian Book Club. |
| 999 |
_c81488 _d81488 |
||